[Event "Wch U08 Girls"]
[Site "Batumi"]
[Date "2016.10.26"]
[Round "7"]
[White "Maria, Lia Alexandra"]
[Black "Rasheva, Nora"]
[Result "1-0"]
[WhiteElo "1338"]
[BlackElo "1126"]
[PlyCount "87"]
[EventDate "2016.10.19"]
[EventType "swiss"]
[EventRounds "11"]
[EventCountry "GEO"]
[SourceTitle "CBM 175 Extra"]
[Source "ChessBase"]
[SourceDate "2016.12.12"]
[SourceVersion "1"]
[SourceVersionDate "2016.12.12"]
[SourceQuality "1"]

1. e4 e5 2. Nf3 Nf6 3. Nxe5 d6 4. Nf3 Nxe4 5. d4 d5 6. Bd3 Bf5 7. 0-0 Nd7 8. Re1 Be7 9. c4 c6 10. Qb3 Ndf6 11. Qxb7 0-0 12. Qb3 Rb8 13. Qd1 Bg4 14. h3 Bh5 15. Nc3 Nxc3 16. bxc3 Re8 17. c5 Qc7 18. Bc2 Bf8 19. Be3 Ne4 20. Bd2 Qd7 21. Re3 Re6 22. g4 Bxg4 23. hxg4 Rh6 24. Nh2 Qc7 25. Rg3 Nxf2 26. Kxf2 Rxh2+ 27. Kf3 Re8 28. Bd3 Qe7 29. g5 Rb8 30. Rg2 Rh3+ 31. Rg3 Rh2 32. Rb1 Re8 33. Bf4 Qd7 34. Qg1 Rh4 35. Rb2 Rh3 36. Rh2 Rxg3+ 37. Qxg3 g6 38. Qh4 f5 39. gxf6 Qf7 40. Bxg6 Qd7 41. Bxe8 Qb7 42. f7+ Kg7 43. Be5+ Kg6 44. Qf6# 1-0

[Event "Pleven op 3rd"]
[Site "Pleven"]
[Date "2016.10.08"]
[Round "2"]
[White "Rasheva, Nora"]
[Black "Yordanova, Kristina"]
[Result "1/2-1/2"]
[WhiteElo "1126"]
[BlackElo "1554"]
[PlyCount "41"]
[EventDate "2016.10.07"]
[EventType "swiss"]
[EventRounds "7"]
[EventCountry "BUL"]
[SourceTitle "EXT 2017"]
[Source "ChessBase"]
[SourceDate "2016.10.25"]
[SourceVersion "1"]
[SourceVersionDate "2016.10.25"]
[SourceQuality "1"]

1. e4 d5 2. exd5 Nf6 3. d4 Qxd5 4. Nc3 Qd8 5. Nf3 e6 6. Bc4 c6 7. a4 Bd6 8. 0-0 0-0 9. Bg5 h6 10. Bh4 Nbd7 11. Re1 Qc7 12. Ne2 Re8 13. Ng3 e5 14. Qd2 e4 15. Ne5 Bxe5 16. dxe5 Nxe5 17. Bxf6 Nxc4 18. Qc3 gxf6 19. Qxc4 f5 20. f3 Be6 21. Qc3 1/2-1/2